000 00566cam a22002411 4500
001 sa 66002102
003 DLC
005 20260227112226.0
008 900212s1965 ii 000 0 hino
010 _asa 66002102
035 _a(OCoLC)21052356
040 _aDLC
_cWaU
_dDLC
042 _apremarc
043 _aa-ii---
050 0 0 _aPK1939
_b.L6
100 1 _aLohia, Rammanohar.
245 1 0 _aBhāshā.
260 _c[1965]
300 _axii, 250 p.
_c25 cm.
500 _aIn Hindi.
650 0 _aHindi language
_xHistory.
651 0 _aIndia
_xLanguages.
999 _c68146
_d68146